|
|
|
|
| LEADER |
00000nam a2200000Ii 4500 |
| 001 |
DIGRVRT0220 |
| 003 |
NyNyDIG |
| 006 |
m o d |
| 007 |
cr ||||||||||| |
| 008 |
221120s2021 sp a ob 001 0 spa d |
| 035 |
|
|
|a (OCoLC)1267525157
|
| 040 |
|
|
|a DGITA
|b eng
|e rda
|e pn
|c DGITA
|
| 020 |
|
|
|a 9788429191356
|q e-book
|q pdf
|
| 020 |
|
|
|z 9788429151428
|q papel
|
| 041 |
1 |
|
|a spa
|h eng
|
| 050 |
1 |
4 |
|a QA612 ebook
|
| 082 |
0 |
4 |
|a 517.34
|
| 100 |
1 |
|
|a Spivak, Michael,
|e author.
|
| 240 |
1 |
0 |
|a Calculus on manifolds.
|l Spanish
|s (Pascual Xufré)
|
| 245 |
1 |
0 |
|a Cálculo en variedades /
|c Michael Spivak ; versión española por Dra. Griselda Pascual Xufré.
|
| 264 |
|
1 |
|a Barcelona :
|b Editorial Reverté,
|c [2021]
|
| 300 |
|
|
|a 1 online resource :
|b illustrations.
|
| 336 |
|
|
|a text
|b txt
|2 rdacontent
|
| 337 |
|
|
|a computer
|b c
|2 rdamedia
|
| 338 |
|
|
|a online resource
|b cr
|2 rdacarrier
|
| 347 |
|
|
|a text file
|2 rdaft
|
| 347 |
|
|
|b PDF
|
| 504 |
|
|
|a Includes bibliographical references and index.
|
| 588 |
0 |
|
|a Online resource; title from PDF title page (Digitalia, viewed November 20, 2022)
|
| 650 |
|
0 |
|a Differential topology.
|
| 650 |
|
0 |
|a Calculus.
|
| 655 |
|
0 |
|a Electronic books.
|
| 700 |
1 |
|
|a Pascual Xufré, Griselda,
|e translator.
|
| 700 |
1 |
|
|i Translation of:
|a Spivak, Michael.
|t Calculus on manifolds.
|
| 791 |
2 |
|
|a Digitalia (Firm),
|e distributor.
|
| 793 |
0 |
|
|g Digitalia eBook Collection:
|a Editorial Reverté
|
| 776 |
0 |
8 |
|i Print version:
|a Spivak, Michael.
|s Calculus on manifolds. Spanish (Pascual Xufré).
|t Cálculo en variedades.
|d Barcelona : Editorial Reverté, [1988]
|z 9788429151428
|
| 856 |
4 |
0 |
|u https://digitalia.uam.elogim.com/a/103330/
|z Texto completo
|
| 910 |
|
|
|a Premium collection: 2022
|